| 000 | 00647nam a2200229Ia 4500 | ||
|---|---|---|---|
| 003 | OSt | ||
| 005 | 20221006165452.0 | ||
| 006 | a|||||r|||| 00| 0 | ||
| 007 | ta | ||
| 008 | 221006b |||||||| |||| 00| 0 hin d | ||
| 024 | _a6,196 | ||
| 037 | _cTextual | ||
| 040 |
_aFML _cFML _bhin |
||
| 041 |
_2hin _ahin |
||
| 082 | _aNRm44,N35, 152M3 -; 3 | ||
| 100 | _aSangeet Karyalaya Au. | ||
| 245 | 0 |
_aSangeet _b Aprachalit Raag Taal Ank |
|
| 260 |
_aHathras _bSangeet Karyalaya India _c1983 |
||
| 300 |
_a178 _ccm. |
||
| 942 |
_hNRm44,N35, 152M3 -; 3 _cTEXL _2CC |
||
| 999 |
_c1120929 _d1120929 |
||